000 00525nam a2200181Ia 4500
999 _c14246
_d14246
003 OSt
005 20201016132217.0
008 190216s9999||||xx |||||||||||||| ||und||
020 _a9788129103833
040 _coclc
082 _a352.63
_bMOH/B
100 _aMohanty, Sudhansu
_95817
245 0 _aBabudom:
_bCotacombs of Indian Bureaucracy /
_c Sudhansu Mohanty
260 _bRupa & Co,
_aNew Delhi:
_c2004.
300 _a286p
650 _aEnglish
942 _cBK
_2ddc
_h352.63
_iMOH/B
_k352.63
_mMOH/B